Responsabilidad en el ámbito del Derecho Público y por la lesión de los derechos fundamentales
Saved in:
| Main Authors: | , , |
|---|---|
| Andre forfattere: | , |
| Format: | Bog |
| Sprog: | spansk |
| Udgivet: |
s.l
CEF
2017
|
| Udgivelse: | 1a. ed |
| Fag: | |
| Tags: |
Tilføj Tag
Ingen Tags, Vær først til at tagge denne postø!
|
MARC
| LEADER | 00000cam a2200000 a 4500 | ||
|---|---|---|---|
| 001 | UCC9088 | ||
| 003 | CL-VaPUC | ||
| 008 | 190904e20170000sp |||||||||||||||||spa|d | ||
| 020 | |a 9788445433751 | ||
| 082 | 0 | 4 | |a 323.4 |b FUE |2 21 |
| 100 | 0 | |a Fuente Honrubia, Fernando de la |e author |9 603909 | |
| 700 | 0 | |a Hernández Durán, María José |e author |9 603910 | |
| 700 | 0 | |a Herreros López, Juan Manuel |e author |9 603911 | |
| 700 | |a López Álvarez, Luis Felipe |e autor |9 603912 | ||
| 700 | |a López Barrero, Esther |e autora |9 603913 | ||
| 245 | 1 | 0 | |a Responsabilidad en el ámbito del Derecho Público y por la lesión de los derechos fundamentales |
| 250 | |a 1a. ed | ||
| 300 | |a 166 p | ||
| 942 | |c BK | ||
| 945 | |d 20190904 15:40:00 |a dcastane | ||
| 260 | |a s.l |b CEF |c 2017 | ||
| 650 | 0 | |a Derechos humanos |9 223025 | |
| 650 | 0 | |a Daño moral |9 430896 | |
| 650 | 0 | |a Derecho público |9 255910 | |
| 583 | |a last modification |c 20190904 15:40:00 |k Rodrigo Vera | ||
| 999 | |c 375282 |d 375280 | ||
| 952 | |0 0 |1 0 |3 erb |4 0 |6 323_400000000000000_FUE_2017 |7 0 |8 WP_COW |9 561229 |a BIBDER |b BIBDER |e Fundación W and P Cowley |i 5598079 |o 323.4 FUE 2017 |p 5598079 |r 2023-01-25 |w 2020-03-12 |y BK |z Catalogado en:20190904 |k WPC | ||